| 000 | 00483nam a22001817a 4500 | ||
|---|---|---|---|
| 003 | NUST - PNEC | ||
| 005 | 20170116180914.0 | ||
| 008 | 150903b xxu||||| |||| 00| 0 eng d | ||
| 020 | _a- | ||
| 040 | _cLIBRARY | ||
| 082 | _a620.11 HAU | ||
| 100 |
_97371 _aHausner, Henry H. |
||
| 245 |
_aModern materials: Advances in development & applications: Vol 2 _cHenry H. Hausner |
||
| 250 | _aVol 2 | ||
| 260 | _cc.1960 | ||
| 650 |
_97375 _aMaterials Application _xME |
||
| 942 |
_2ddc _cBK |
||
| 999 |
_c65420 _d65420 |
||